[Event "FRA-chT3 0405"]
[Site "France"]
[Date "2004.10.10"]
[Round "1"]
[White "Guillard, Laurent"]
[Black "Chevallier, Arthur"]
[Result "0-1"]
[WhiteElo "1699"]
[BlackElo "1720"]
[PlyCount "98"]
[EventDate "2004.10.10"]
[EventType "team-tourn"]
[EventRounds "9"]
[EventCountry "FRA"]
[SourceTitle "EXT 2007"]
[Source "ChessBase"]
[SourceDate "2006.11.23"]
[SourceVersion "1"]
[SourceVersionDate "2006.11.23"]
[SourceQuality "1"]

1. d4 d5 2. Nf3 Nf6 3. c4 e6 4. Nc3 c6 5. Bf4 dxc4 6. e4 b5 7. Be2 Bb7 8. 0-0 Nbd7 9. Qc2 Be7 10. Rfd1 a6 11. Rac1 0-0 12. Bg5 Re8 13. e5 Nd5 14. Bxe7 Qxe7 15. Nxd5 cxd5 16. h4 h6 17. g4 f6 18. exf6 Qxf6 19. g5 Qf5 20. gxh6 Qxc2 21. Rxc2 gxh6 22. Ne5 Nxe5 23. dxe5 Rf8 24. Rd4 Rf5 25. f4 Kh7 26. Bg4 Rff8 27. Bxe6 Rad8 28. f5 Bc8 29. Bxc8 Rxc8 30. Rf2 Rcd8 31. Rff4 h5 32. Kf2 Kg7 33. Rd1 Kf7 34. Rg1 Rg8 35. Rg5 Rde8 36. e6+ Kf6 37. Rxh5 Rh8 38. Rxh8 Rxh8 39. Kg3 Rg8+ 40. Kf2 Re8 41. Kf3 d4 42. Rxd4 Kxf5 43. Rf4+ Ke5 44. Re4+ Kd6 45. e7 Rxe7 46. Rxe7 Kxe7 47. Ke4 Kf6 48. Kd5 Kf5 49. Kc6 b4 0-1